000 00856aam a2200301 i 4500
001 768714001
003 CO-MdFUSB
005 20250519152443.0
007 ta
008 250519t1981 sp |||| |||| 00| 0 spa d
020 _a84-7228-596-0
040 _cCO-MdFUSB
041 0 _aspa
082 0 4 _223
_a248.32
_bB765n
100 1 _aBounds, Edward M. (McKendree) (1835-1913)
_eautor
245 1 3 _aLa necesidad de la oración
_c/ E. M. Bounds ; traducido por Nancy S. de Fernández
264 1 _bClie,
_aBarcelona, España :
_c[1981]
264 4 _c©1981
300 _a111 páginas
336 _atexto
_btxt
_2rdacontent
337 _2rdamedia
_asin mediación
_bn
338 _2rdacarrier
_avolumen
_bnc
563 _aRústico
650 7 _aOración
_986
700 _aFernández, Nancy S. de,
_911160
_etraductor
942 _cBK
945 _aJTF-925
999 _c36280
_d36280